[Event "HCL-C254"]
[Site "www.playchess.de"]
[Date "2001.03.28"]
[Round "1"]
[White "sander"]
[Black "citywolf"]
[WhiteElo "1000"]
[BlackElo "1000"]
[PlyCount "30"]
[Result "0-1"]

1.d4 d5 {aha, ein d4-spieler .. soso [schon 
notiert ;o) ]}  2.e3 {Aha, ein d5 Spieler ;)) 
Fange gerade erst an, etwas Schach zu spielen}  
Nf6 {aha, du willst also aufgeben? dann läute 
dreimal die glocke ;o) (hint: siehe akte jane)}  
3.Nh3 {Ich wills wenigstens versuchen ;)  Spielst 
du regelmässig?}  Bf5 {ich bin (a) neu hier und 
(b) spiele ich erst seit kurzem regelmäßiger und 
beschäftíge mich genauer}  4.Na3 {dann kanns ja 
einigermassen ausgeglichen werde, wenn ich ruhig 
bleibe (habe schon einmal verloren :(}  Nc6 
{ruhig? bist du denn ein nervöser spieler? auch 
verlieren kann ein sieg sein, wenn du daraus 
lernst!}  5.c3 {Ich ziehe zu hastig, erst wenn ich 
einige Male verloren hab, werd ich sauer und auch 
ruhig :)}  e5 {hm, ICH bin ziemlich schwach in 
schnellen partien, daher ist dies hier ideal! laß 
dir doch zeit!!!}  6.Bd3 {ich versuchs - btw: 
warum eine schlechte meinung übers web?}  e4 
{sagen wir so: ich war 2 jahre lang ZU intensiv im 
web - am besten radikal-entzug ;o)}  7.Bb5 {ich 
hab diese internet-sucht geschichten immer für 
urban legends gehalten...}  Qd6 {sucht unter " "! 
das info-web ist super, aber die virtuellen 
personen zb im chat...!}  8.O-O Ng4 {hinzu kommen 
noch technische probleme mit dem kabel-internet 
hier; also 'nur' frust ;o)}  9.g3 {kabel-internet, 
so ein luxus - unsereiner hat isdn ;)}  Qh6 {hier 
ist adsl derzeit im kommen, allerdings teurer als 
kabel! kabel = schlecht, but still the best!}  
10.Kg2 {Als was arbeitest du eigentlich, wenn du 
es noch so spät tust?}  O-O-O {sap-basis-admin. 
aber ich dachte mir, ich sollte heute noch ein 
paar leute matt setzen ;o)}  11.c4 {wird wohl nix 
*eg*}  Nf6 {ja du wehrst dich, bist gemein ;o) 
falls dir sap nix sagt: is ne software, die ich 
von kunden betreu}  12.Qa4 {hey, ich boxe :) habe 
ihmo übrigens ganz gut ahnung von computern, 
bekannter kommt jetzt auch zu sap}  Qxh3+ {na der 
boxkampf ist aber in move#14 vorbei! btw: ICH bin 
NICHT bei der sap, wir betreuen es. ihmo?}  13.Kg1 
{war wieder hast, habs danach gesehen und mich 
schon kräftig geärgert :( -imho = in my humble 
opinion}  Ng4 {ärger dich nicht, lerne daraus! 
dein fehler war in #12 -> Nf4, danach hätt ich neu 
überlegen müssen}  14.Rd1 {habe immerhin schon 
einmal gewonnen, werden wohl noch zwei mal draus - 
reicht für meinen stolz ;)}  Qxh2+ {na hey, einen 
move hast noch rausgeschlagen; habe deinen sieg 
über meathead gesehen, gratulation!}  15.Kf1 {das 
wars wohl; schönes Spiel, war nur etwas kurz ;)) 
wünsche weiterhin viel spass!}  Qxf2+ {wichtig ist 
du läßt den kopf nicht hängen! wünsche ebenfalls 
noch viel erfolg und spaß ! bye} 
 0-1

[Event "HCL-B250"]
[Site "www.playchess.de"]
[Date "2001.03.28"]
[Round "8"]
[White "lonewolf"]
[Black "raqueldouve"]
[WhiteElo "1428"]
[BlackElo "1200"]
[PlyCount "39"]
[Result "1-0"]

1.e4 {Hi,good luck}  e5 2.f4 f6 3.Nf3 exf4 4.d4 g5 
5.Nxg5 fxg5 6.Qh5+ Ke7 7.Qxg5+ Ke8 8.Qh5+ Ke7 
9.Qe5+ Kf7 10.Bc4+ d5 11.Bxd5+ Kg6 12.Qxh8 Nf6 
13.Nc3 Nxd5 14.Qg8+ Kf6 15.Nxd5+ Qxd5 16.exd5 Nd7 
17.O-O c5 18.Bxf4 Ke7 19.Bc7 cxd4 
20.Qe6+ 1-0

[Event "HCL-C254"]
[Site "www.playchess.de"]
[Date "2001.03.28"]
[Round "7"]
[White "TuffGong"]
[Black "sander"]
[WhiteElo "1042"]
[BlackElo "1000"]
[PlyCount "70"]
[Result "0-1"]

1.d4 {Greetings from California, USA.}  d5 2.Nf3 
e6 {Hi! Greetings to you, too!}  3.Bg5 Be7 4.h4 h6 
5.Bf4 Nf6 6.e3 O-O 7.c4 a5 8.Rh3 Nh5 9.Be5 Nc6 
10.Bxg7 Kxg7 11.g4 Nf6 12.g5 Ng4 13.Rg3 e5 14.Bh3 
e4 15.Ne5 Ngxe5 16.Qh5 hxg5 17.hxg5 Rh8 18.Qe2 
Bxh3 19.Nd2 Ng6 20.O-O-O Ra6 21.f4 exf3 22.Qxf3 
Rb6 23.Rxh3 Bxg5 24.Rdh1 Qe7 25.R3xh8 Nxh8 26.Qh5 
Ng6 27.Qh7+ Kf6 28.cxd5 Qb4 29.Rf1+ Ke7 30.Qxf7+ 
Kd8 31.Qg8+ Kd7 32.Rf7+ Nce7 33.Qh7 Bxe3 34.d6 
Qxd2+ 35.Kb1 Qxb2+ 0-1

[Event "HCL-C254"]
[Site "www.playchess.de"]
[Date "2001.03.28"]
[Round "8"]
[White "citywolf"]
[Black "TuffGong"]
[WhiteElo "1000"]
[BlackElo "1042"]
[PlyCount "23"]
[Result "1-0"]

1.e4 {hy! ur title -> GM ? sure?}  e5 2.Nf3 c6 
3.Nxe5 Bc5 4.d4 Bb4+ 5.Bd2 Qa5 6.Bc4 Nh6 {nice 
try, good set up!}  7.Qh5 {best answer from ur 
side; thx for the compliment, lets see the next 
moves ;o)}  d5 8.c3 Bd6 9.Bxh6 {i couldnt bear the 
smell of ur horse -> so i had to eat it .. 
yumm_yumm}  dxc4 10.Qxf7+ {im still hungry....}  
Kd8 {is that right?}  11.Bg5+ {at least one more 
bite (next move) ;o)}  Be7 12.Qxe7+ {it was a nice 
game! good luck and a lot of fun in future!} 
 1-0

[Event "HCL-C254"]
[Site "www.playchess.de"]
[Date "2001.03.28"]
[Round "9"]
[White "TuffGong"]
[Black "Natacuin"]
[WhiteElo "1042"]
[BlackElo "1000"]
[PlyCount "88"]
[Result "0-1"]

1.d4 {Greetings. from Los Angeles, USA}  Nf6 2.Nc3 
d5 3.e3 Bf5 4.Bb5+ c6 5.Ba4 e6 6.h3 Bb4 7.Nf3 O-O 
8.Ng5 h6 9.Nf3 Ne4 10.Ne5 Bxc3+ 11.bxc3 Nxc3 
12.Qd2 Nxa4 13.g4 Bh7 14.Rb1 Nb6 15.h4 N8d7 16.Nf3 
Be4 17.Qe2 Qf6 18.Rh3 Rab8 19.g5 Qf5 20.Rg3 hxg5 
21.Nxg5 Bxc2 22.Qh5 Nf6 23.Qf3 Qxf3 24.Rxf3 Bxb1 
25.e4 Nh7 26.Rg3 Nxg5 27.Bxg5 f6 28.Bh6 Kh7 29.Bf4 
Rbe8 30.h5 Bxe4 31.f3 Bd3 32.Kd2 Bb1 33.Rg1 Bxa2 
34.Rh1 e5 35.Be3 Nc4+ 36.Ke2 Nxe3 37.Kxe3 exd4+ 
38.Kxd4 b6 39.Ra1 Re2 40.Kc3 Rfe8 41.Kb4 a5+ 
42.Ka3 R8e3+ 43.Ka4 Bc4 44.Rb1 
Ra2+ 0-1

[Event "HCL-A113"]
[Site "www.playchess.de"]
[Date "2001.03.28"]
[Round "20"]
[White "janus"]
[Black "mgwili"]
[WhiteElo "1873"]
[BlackElo "1900"]
[PlyCount "33"]
[Result "1/2-1/2"]

1.e4 {Good luck and a thrilling game !!}  c5 {thx. 
good luck to you too. i am from zimbabwe. m. 
25years old. university student}  2.Nf3 {I am from 
germany, 41 years old and I work as sales manager 
by siemens}  Nc6 {do u like soccer?}  3.d4 {Yes - 
I like soccer very much, cause I played it many 
years ago ;-))}  cxd4 {unfortunately, i have never 
played but i enjoy watching it  a lot!}  4.Nxd4 
{Me too - an my wife is perhaps angry about it 
;-)) !}  d6 {married? have u got any kids?}  5.Nc3 
{No kids - but one cat *smile* !!}  Nf6 {:-)) 
whats her name? u love animals?}  6.Bc4 {The name 
of the cat is "tiger" and I love animals very much 
! Do you have animals at home ??}  g6 {i love 
dogs, even though i have never had one for myself. 
once i get a place of my own i'll get one}  7.Nxc6 
{That´s right !! Are you married ??}  bxc6 {not 
yet maybe in 3 to 4 yrs time. heard it can be 
stressful}  8.e5 {That´s right - I know this 
*smile* !!!}  Ng4 {how old is she? how long have u 
been married?}  9.e6 {She is 32 years old (I´m 41 
years) and we have married 10 years ago at 
Hawaii.}  f5 {hawaii? wow! must've been really 
romantic! how r u doing in the tournament?}  
10.Qd4 {It was very romantic !!! I try to win this 
tournament *smile* !!!}  Nf6 {did u watch the 
germany/albania game on tv? i heard it was tough 4 
u guys}  11.Bb3 {I don´t watch it - I was in 
"hanibal" in the cinema !}  Bg7 {zim won their 
africa nations cup qualifier 2day. we r now on top 
with 2 games 2 go :-))}  12.Qc4 {Congratulations 
!!!}  Qc7 {thx!}  13.Ba4 {Have a nice sunday !!}  
Bb7 {how has been your weekend?}  14.Nb5 {Terrible 
- I was at the "CeBIT-mess" the whole time !!! 
Many greetings !!!}  Qa5+ {CeBIT mess? sorry but 
what's that? i had a bad one: lost of assignments 
2 do.}  15.Bd2 {The CeBIT is the greatest 
computer-mass of the world. Our fight is hard, but 
very good - isn´t it ?}  Qb6 {enjoyable, though i 
almost lost it after 8. e5! this CeBit,whats the 
web address?}  16.Be3 {Sorry, but I don´t know the 
web adress ! Now you play again Qa5+ *smile* ??}  
Qa5+ {do i have much of achoice in the matter? cos 
Qd8 loses by Nxa7!}  17.Bd2 {That´s right - so I 
offer you the draw !}  1/2-1/2

[Event "HCL-C255"]
[Site "www.playchess.de"]
[Date "2001.03.28"]
[Round "4"]
[White "IQ"]
[Black "MEATHEAD"]
[WhiteElo "826"]
[BlackElo "1083"]
[PlyCount "21"]
[Result "1-0"]

1.e4 e5 2.Nf3 Nf6 3.Nxe5 Nxe4 4.d4 c5 5.Bd3 f5 
6.Bxe4 fxe4 7.O-O Bd6 8.Qh5+ g6 9.Nxg6 Rg8 10.Ne5+ 
Kf8 11.Qf7+ 1-0

[Event "HCL-B258"]
[Site "www.playchess.de"]
[Date "2001.03.28"]
[Round "4"]
[White "whatsleft2"]
[Black "Whatever"]
[WhiteElo "1895"]
[BlackElo "1508"]
[PlyCount "35"]
[Result "1-0"]

1.e4 {goodluck}  c5 {Have a great game.}  2.d4 
cxd4 3.c3 dxc3 4.Nxc3 Nc6 5.Nf3 {where are you 
from}  e6 6.Bc4 a6 7.O-O Nge7 8.Be3 Ng6 9.Rc1 b5 
10.Bb3 Be7 11.a4 b4 12.Ne2 Bb7 13.Nf4 Nce5 14.Nxe5 
Nxe5 15.Qd4 Ng6 16.Nxg6 hxg6 17.Rfd1 Bc6 
18.Rxc6 1-0

[Event "HCL-C255"]
[Site "www.playchess.de"]
[Date "2001.03.28"]
[Round "19"]
[White "MEATHEAD"]
[Black "CALZON_FIESTERO"]
[WhiteElo "1083"]
[BlackElo "1000"]
[PlyCount "52"]
[Result "0-1"]

1.e4 e5 2.d3 Bc5 3.Nf3 d6 4.c3 a6 5.Qb3 Nf6 6.Ng5 
Qe7 7.Be2 h6 8.Nh3 O-O 9.Nd2 b5 10.c4 Be6 11.a4 
Nc6 12.f4 exf4 13.Nxf4 Nd4 14.Qa2 Nc2+ 15.Kd1 Nxa1 
16.Qxa1 Ng4 17.Bxg4 Bxg4+ 18.Nf3 Bxf3+ 19.gxf3 Qh4 
20.b3 Qf2 21.Nh5 Bd4 22.Qa3 Qxf3+ 23.Ke1 Bc3+ 
24.Bd2 Qxh1+ 25.Ke2 Qxh2+ 26.Kf3 
Qxh5+ 0-1

[Event "HCL-C255"]
[Site "www.playchess.de"]
[Date "2001.03.28"]
[Round "28"]
[White "CALZON_FIESTERO"]
[Black "TRUBLU"]
[WhiteElo "1000"]
[BlackElo "1000"]
[PlyCount "57"]
[Result "1-0"]

1.e4 e5 2.Nf3 d6 3.Bc4 h6 4.Nc3 Nf6 5.h3 c6 6.a3 
b5 7.Ba2 Ba6 8.d3 Be7 9.O-O O-O 10.Nh4 Nbd7 11.Be3 
c5 12.Qc1 Nh5 13.Ng6 Re8 14.Bxh6 Kh7 15.Nxe7 Qxe7 
16.Nd5 Qh4 17.Bg5 Qg3 18.fxg3 Nxg3 19.Rf2 f6 
20.Nc7 Bb7 21.Nxa8 Bxa8 22.Be3 Nf8 23.Qd1 g6 
24.Rxf6 Nd7 25.Rf7+ Kg8 26.Qg4 Ne2+ 27.Kf2 Nf4 
28.Rxf4+ Kg7 29.Qxd7+ 1-0

[Event "HCL-C255"]
[Site "www.playchess.de"]
[Date "2001.03.28"]
[Round "30"]
[White "chico"]
[Black "Hubb"]
[WhiteElo "1094"]
[BlackElo "1101"]
[PlyCount "24"]
[Result "1/2-1/2"]

1.e4 e5 2.Nf3 Nf6 3.Nc3 Nc6 4.Bc4 Nxe4 5.Nxe4 d5 
6.Bxd5 Qxd5 7.Nc3 Qd8 8.O-O Bg4 9.h3 Bh5 10.Qe1 
Bxf3 11.gxf3 Qg5+ 12.Kh2 Qf4+ 1/2-1/2

[Event "HCL-C249"]
[Site "www.playchess.de"]
[Date "2001.03.28"]
[Round "14"]
[White "TuffGong"]
[Black "Elrond"]
[WhiteElo "1082"]
[BlackElo "1662"]
[PlyCount "42"]
[Result "0-1"]

1.e4 e5 2.Nc3 Nf6 3.d4 exd4 4.Qxd4 Nc6 5.Qe3 Ng4 
6.Qg3 d6 7.h3 Nge5 8.Nd5 Nd4 9.Bg5 Nxc2+ 10.Kd1 f6 
11.Bxf6 gxf6 12.Kxc2 c6 13.Ne3 Bh6 14.Qh4 Bxe3 
15.fxe3 Qa5 16.Qxf6 Qc5+ 17.Kd2 Qb4+ 18.Kd1 Rf8 
19.Qg7 Rxf1+ 20.Ke2 Qc4+ 21.Kd2 
Qd3+ 0-1

[Event "HCL-B260"]
[Site "www.playchess.de"]
[Date "2001.03.28"]
[Round "10"]
[White "O_Man"]
[Black "Jags2001"]
[WhiteElo "1180"]
[BlackElo "1200"]
[PlyCount "36"]
[Result "0-1"]

1.e4 e5 2.Nf3 Nc6 3.Bc4 Bc5 4.d3 h6 5.Be3 Bxe3 
6.fxe3 d6 7.d4 Bg4 8.Qd2 Bxf3 9.d5 Bxe4 10.dxc6 
Bxc6 11.Nc3 Qh4+ 12.Kd1 {I have played poorly.}  
Qxc4 13.a4 Nf6 14.b3 Qg4+ {Game is over?}  15.Kc1 
{virtually}  O-O-O 16.Nb5 Qxg2 17.Nxa7+ Kd7 
18.Nxc6 Qxh1+ 0-1

[Event "HCL-B260"]
[Site "www.playchess.de"]
[Date "2001.03.28"]
[Round "18"]
[White "dg"]
[Black "PDelaquess"]
[WhiteElo "1167"]
[BlackElo "1372"]
[PlyCount "33"]
[Result "1-0"]

1.e4 e5 2.Nf3 Nc6 3.Bb5 a6 4.Bxc6 dxc6 5.O-O Ne7 
6.Nxe5 Qd4 7.Nf3 Qxe4 8.Re1 Qg6 9.Ne5 Qf6 10.b3 
Be6 11.Bb2 Bd5 12.Nc3 O-O-O 13.Rb1 Ng6 14.Nxd5 
Rxd5 15.Qg4+ Kb8 16.Nd7+ Rxd7 17.Bxf6 1-0

[Event "HCL-B260"]
[Site "www.playchess.de"]
[Date "2001.03.28"]
[Round "19"]
[White "O_Man"]
[Black "dg"]
[WhiteElo "1180"]
[BlackElo "1167"]
[PlyCount "68"]
[Result "0-1"]

1.e4 e5 2.d4 exd4 3.c3 dxc3 4.Bc4 cxb2 5.Bxb2 Qe7 
6.Nc3 d6 7.Nf3 Bg4 8.O-O Nc6 9.Nd5 Qd7 10.Qd2 Bxf3 
11.gxf3 Ne5 12.Bxe5 dxe5 13.Rac1 c6 14.Bb5 a6 
15.Qa5 cxb5 16.Rfd1 Bd6 17.Nc7+ Bxc7 18.Rxc7 Qxd1+ 
19.Kg2 Qd8 20.Qc3 f6 21.Qc6+ Kf8 22.Rxb7 Ne7 
23.Qc5 Rc8 24.Qb4 Rc7 25.Qa5 Rc8 26.Qxa6 Kf7 
27.Qxb5 Rb8 28.Qb3+ Kg6 29.f4 Rxb7 30.f5+ Nxf5 
31.exf5+ Kxf5 32.Qxb7 Qd4 33.Qxg7 Qg4+ 34.Qxg4+ 
Kxg4 0-1

[Event "HCL-B265"]
[Site "www.playchess.de"]
[Date "2001.03.28"]
[Round "4"]
[White "Fringe"]
[Black "soymilk"]
[WhiteElo "1600"]
[BlackElo "1177"]
[PlyCount "32"]
[Result "1/2-1/2"]

1.e4 {have a nice game and a good tournament}  e6 
{Here's to an interesting and challenging game!}  
2.d4 d5 3.Nd2 c5 4.exd5 Qxd5 5.Ngf3 cxd4 6.Bc4 Qd6 
7.O-O Nf6 8.Nb3 Nc6 {Looks like we are both 
sticking to known theory!}  9.Nbxd4 Nxd4 10.Qxd4 
{it seems we are reading the same book :) but in  
my book is told}  Bd7 {Would you be reading "Play 
The French" by John Watson?}  11.Bf4 {no...}  Qxd4 
{Well, I'm curious to know what book you are 
reading. Is it NCO or MCO?}  12.Nxd4 Rc8 13.Be2 
{did you recieved my message ?}  Nd5 {Yes I did, 
thanks! I don't know that book! :)}  14.Bg3 Bc5 
15.Nb3 Bb6 16.c4 Ne7 1/2-1/2

[Event "HCL-C120"]
[Site "www.playchess.de"]
[Date "2001.03.28"]
[Round "27"]
[White "monching"]
[Black "Jester"]
[WhiteElo "1000"]
[BlackElo "1359"]
[PlyCount "60"]
[Result "0-1"]

1.e4 e5 2.Nf3 Nf6 3.Nxe5 Qe7 4.d4 d6 5.Nf3 Nxe4 
6.Be3 d5 7.Bd3 Qb4+ 8.Nbd2 Nxd2 9.Bxd2 Qxb2 10.O-O 
Nc6 11.Re1+ Be7 12.Rb1 Qa3 13.Bb5 Be6 14.Bxc6+ 
bxc6 15.Ne5 Qa6 16.Qf3 O-O 17.Qg3 Rfe8 18.h4 c5 
19.c3 Qxa2 20.Rbd1 a5 21.Nc6 Bf6 22.Qxc7 Bxh4 
23.Re2 Rac8 24.Qb6 Qa4 25.Na7 Qxd1+ 26.Re1 Qxd2 
27.Rf1 Rcb8 28.Qxc5 Bxf2+ 29.Rxf2 Rb1+ 30.Rf1 
Rb2 0-1

[Event "HCL-B075"]
[Site "www.playchess.de"]
[Date "2001.03.28"]
[Round "1"]
[White "axl_zet_"]
[Black "Momostephen"]
[WhiteElo "1200"]
[BlackElo "1200"]
[PlyCount "61"]
[Result "1-0"]

1.e4 d5 2.exd5 Qxd5 3.Nc3 Qe5+ 4.Be2 Bg4 5.d4 Qe6 
6.d5 Qe5 7.Be3 Nf6 8.Bxg4 Nbd7 9.Nf3 Qd6 10.Bxd7+ 
Nxd7 11.Qd3 c6 12.O-O-O Rc8 13.dxc6 Rxc6 14.Rhe1 
g6 15.Bxa7 Qxd3 16.Rxd3 Bg7 17.Bd4 O-O 18.Bxg7 
Kxg7 19.Rxd7 e6 20.Nd4 Ra6 21.Nxe6+ Rxe6 22.Rxe6 
h5 23.Rxb7 Rd8 24.Ree7 Rd4 25.Rexf7+ Kh6 26.f4 
Rxf4 27.Rxf4 Kg5 28.Rf8 Kg4 29.Rb4+ Kg5 30.h4+ Kh6 
31.Rf7 1-0

[Event "HCL-B075"]
[Site "www.playchess.de"]
[Date "2001.03.28"]
[Round "5"]
[White "kherubim"]
[Black "Momostephen"]
[WhiteElo "1585"]
[BlackElo "1200"]
[PlyCount "55"]
[Result "1-0"]

1.d4 d5 2.c4 dxc4 3.e4 e5 4.Nf3 Nc6 5.d5 Nb4 
6.Bxc4 Nf6 7.a3 Na6 8.Bxa6 bxa6 9.Nxe5 Nxe4 
10.Qa4+ Bd7 11.Qxe4 Be7 12.Nxd7 Qxd7 13.d6 Qxd6 
14.Qxa8+ Bd8 15.Qxa7 O-O 16.Nc3 Re8+ 17.Be3 Bg5 
18.Rd1 Qe5 19.Rd5 Qe7 20.O-O Bxe3 21.Qxe3 Qxe3 
22.fxe3 g6 23.e4 c6 24.Rd7 Rb8 25.Rfxf7 Rf8 
26.Rfg7+ Kh8 27.Rgxh7+ Kg8 28.Rdg7+ 1-0

[Event "HCL-B075"]
[Site "www.playchess.de"]
[Date "2001.03.28"]
[Round "7"]
[White "trolo"]
[Black "axl_zet_"]
[WhiteElo "1818"]
[BlackElo "1200"]
[PlyCount "56"]
[Result "0-1"]

1.e4 e5 2.Nc3 Nf6 3.f4 d5 4.fxe5 Nxe4 5.Nf3 Be7 
6.Qe2 Nxc3 7.dxc3 c5 8.Bf4 Nc6 9.O-O-O Qa5 10.Kb1 
Be6 11.Ng5 Bxg5 12.Bxg5 d4 13.c4 Qa6 14.a3 Na5 
15.b3 Qb6 16.Ka2 Nc6 17.Qe4 a5 18.a4 Nb4+ 19.Kb2 
Bd7 20.c3 dxc3+ 21.Kxc3 Nc6 22.Be3 Qb4+ 23.Kc2 Qa3 
24.Kc3 O-O-O 25.Bd3 Rhe8 26.Bc2 Rxe5 27.Qf4 Rde8 
28.Bf2 Nb4 0-1

[Event "HCL-B075"]
[Site "www.playchess.de"]
[Date "2001.03.28"]
[Round "10"]
[White "kherubim"]
[Black "trolo"]
[WhiteElo "1585"]
[BlackElo "1818"]
[PlyCount "35"]
[Result "1-0"]

1.d4 d5 2.c4 c6 3.Nf3 Nf6 4.Qc2 e6 5.g3 Bb4+ 
6.Nbd2 O-O 7.Bg2 Bxd2+ 8.Bxd2 Nbd7 9.O-O a6 
10.Rac1 b6 11.cxd5 cxd5 12.Bf4 Bb7 13.Qc7 Qxc7 
14.Rxc7 Rab8 15.Rfc1 Rfc8 16.Kh1 a5 17.R1c3 Ba6 
18.Ra7 1-0

[Event "HCL-B115"]
[Site "www.playchess.de"]
[Date "2001.03.29"]
[Round "13"]
[White "Sturk"]
[Black "Vampir"]
[WhiteElo "1632"]
[BlackElo "1500"]
[PlyCount "43"]
[Result "1-0"]

1.e4 e5 2.Nf3 Nc6 3.Bc4 Bc5 4.c3 d6 5.d4 exd4 
6.cxd4 Bb4+ 7.Bd2 Bxd2+ 8.Nbxd2 Nf6 9.O-O O-O 
10.h3 Re8 11.Re1 Na5 12.Bd3 c5 13.e5 Nd5 14.exd6 
Rxe1+ 15.Qxe1 cxd4 16.Bxh7+ Kf8 17.Bd3 Qxd6 18.Rd1 
Nc6 19.Nb3 Nf4 20.Qe4 Be6 21.Ng5 Qd5 
22.Qxf4 1-0

[Event "HCL-B133"]
[Site "www.playchess.de"]
[Date "2001.03.29"]
[Round "9"]
[White "Slide"]
[Black "Joachim"]
[WhiteElo "1585"]
[BlackElo "1500"]
[PlyCount "56"]
[Result "0-1"]

1.e4 e5 2.Nf3 Nc6 3.Bc4 Bc5 4.c3 Nf6 5.Qc2 d6 6.d3 
Qe7 7.O-O O-O 8.b4 Bb6 9.a4 a5 10.b5 Nd8 11.Re1 
Be6 12.Bxe6 Nxe6 13.Ba3 Ng4 14.Re2 Nf4 15.Rd2 f5 
16.exf5 Rxf5 17.d4 e4 18.Ne5 Nxe5 19.dxe5 Qg5 
20.g3 e3 21.fxe3 Bxe3+ 22.Kh1 Nh3 23.Qd3 Bxd2 
24.Qd5+ Kh8 25.Nxd2 {things look dim...}  Nf2+ 
26.Kg1 Ng4 27.Qxb7 Qe3+ 28.Kh1 
Raf8 0-1

[Event "HCL-B136"]
[Site "www.playchess.de"]
[Date "2001.03.29"]
[Round "6"]
[White "denis3"]
[Black "Foo_Lee"]
[WhiteElo "1200"]
[BlackElo "1200"]
[PlyCount "28"]
[Result "0-1"]

1.e4 e5 2.Qf3 Nf6 3.Bc4 c6 4.Qb3 d5 5.exd5 cxd5 
6.Bb5+ Bd7 7.Bxd7+ Qxd7 8.Nf3 Nc6 9.Qa4 Bb4 
10.Nxe5 Qe7 11.f4 Ne4 12.Nxc6 Nc3+ 13.Nxe7+ Nxa4 
14.Nxd5 Bc5 0-1

[Event "HCL-C113"]
[Site "www.playchess.de"]
[Date "2001.03.29"]
[Round "2"]
[White "auge"]
[Black "exoticorn"]
[WhiteElo "1000"]
[BlackElo "1122"]
[PlyCount "87"]
[Result "1-0"]

1.e4 e5 2.Nf3 Nc6 3.Bb5 a6 4.Ba4 Nf6 5.d3 b5 6.Bb3 
Bc5 7.h3 O-O 8.O-O Bb7 9.Re1 Nd4 10.Nxd4 Bxd4 
11.c3 Bb6 12.Be3 Bxe3 13.Rxe3 d6 14.Nd2 c5 15.a3 
Qe7 16.Nf3 Nh5 17.Qe2 Nf4 18.Qd2 Qf6 19.h4 Qg6 
20.g3 Bc8 21.Kh2 Qg4 22.Ng1 Ng6 23.Bd1 Qe6 24.Nf3 
h6 25.Ng1 f5 26.exf5 Rxf5 27.Bg4 Rxf2+ 28.Qxf2 
Qxg4 29.Rf1 Qe6 30.Rf3 Bb7 31.Rf7 Bd5 32.Rf5 Qd7 
33.h5 Nf4 34.g4 Be6 35.Rxf4 exf4 36.Qxf4 Bxg4 
37.Nf3 Rf8 38.Qxf8+ Kxf8 39.Ne5+ Ke7 40.Nxd7 Bxd7 
41.Kg3 Be6 42.Kh4 Bd7 43.Rg1 Kf6 
44.Rg6+ 1-0

[Event "HCL-C118"]
[Site "www.playchess.de"]
[Date "2001.03.29"]
[Round "10"]
[White "engmohd"]
[Black "janus"]
[WhiteElo "1000"]
[BlackElo "1000"]
[PlyCount "66"]
[Result "0-1"]

1.Nf3 Nf6 2.d4 g6 3.c3 Bg7 4.e3 d5 5.Bd3 O-O 
6.Nbd2 Nc6 7.Kf1 Re8 8.e4 e5 9.exd5 Nxd5 10.Bb5 e4 
11.Ne1 Qf6 12.Nb3 a6 13.Be2 b6 14.Nc2 Bb7 15.Bc4 
Nd8 16.Qg4 e3 17.Qg3 exf2 18.Bg5 Qc6 19.Nd2 h6 
20.Bxd8 Raxd8 21.Kxf2 b5 22.Bxd5 Qxd5 23.Nf3 Qe4 
24.Rhc1 h5 25.Kg1 Bh6 26.Qxc7 Bf4 27.Qb6 Bxc1 
28.Rxc1 Qf4 29.Rf1 Bxf3 30.Rxf3 Qc1+ 31.Rf1 Qxc2 
32.Qxa6 {sorry for the delay}  Qxb2 {No problem - 
it´s ok !!}  33.Qa7 Ref8 0-1

[Event "HCL-E015"]
[Site "www.playchess.de"]
[Date "2001.03.29"]
[Round "18"]
[White "houtduwer"]
[Black "sicili"]
[WhiteElo "1987"]
[BlackElo "2000"]
[PlyCount "49"]
[Result "1-0"]

1.e4 c5 2.Nc3 Nc6 3.g3 g6 4.Bg2 Bg7 5.f4 d6 6.d3 
e6 7.Nf3 Nge7 8.Be3 Nd4 9.Qd2 Nxf3+ 10.Bxf3 Nc6 
11.Qf2 Qb6 12.O-O-O Bxc3 13.bxc3 Qa5 14.Kd2 e5 
15.f5 Nd4 16.Rdb1 b5 17.Bxd4 cxd4 18.Rb4 Bd7 
19.Rhb1 dxc3+ 20.Kxc3 Qxa2 21.Kd2 Rc8 22.R1b2 Qa3 
23.R4b3 Qa1 24.c3 O-O 25.g4 1-0

[Event "ACL-A062"]
[Site "www.playchess.de"]
[Date "2001.03.29"]
[Round "22"]
[White "aldo"]
[Black "vrad"]
[WhiteElo "1500"]
[BlackElo "1484"]
[PlyCount "54"]
[Result "0-1"]

1.d4 d5 2.c4 e6 3.Nc3 Nf6 4.Bg5 Be7 5.e3 O-O 6.Nf3 
h6 7.Bxf6 Bxf6 8.cxd5 exd5 9.Qc2 c6 10.Bd3 Bg4 
11.Nd2 Re8 12.O-O Nd7 13.Rab1 Nf8 14.b4 a6 15.a4 
Be7 16.h3 Bh5 17.Qb3 Bd6 18.b5 axb5 19.axb5 Ra3 
20.Qc2 Qg5 21.Rfe1 f5 22.bxc6 bxc6 23.f4 Qf6 
24.Bxf5 Bxf4 25.Nf1 Bg5 26.Bd3 Bxe3+ 27.Nxe3 
Qxd4 0-1

[Event "ACL-A084"]
[Site "www.playchess.de"]
[Date "2001.03.29"]
[Round "3"]
[White "hun"]
[Black "stud"]
[WhiteElo "1620"]
[BlackElo "1500"]
[PlyCount "47"]
[Result "1-0"]

1.e4 {Hallo, Stud!   -  ?}  e5 {hey, gl 2 u}  
2.Nf3 Nc6 {whats up}  3.Bb5 {-}  Bc5 4.O-O d6 5.c3 
Bd7 6.d4 exd4 7.cxd4 Bb6 8.Nc3 Nge7 9.a4 a6 10.Bc4 
O-O 11.Bg5 h6 12.Bh4 Na5 13.Nd5 Re8 14.Nxe7+ Rxe7 
15.Bxe7 Qxe7 16.Bd5 c6 17.Ba2 Bg4 18.b4 Qxe4 
19.bxa5 Bxf3 20.Qxf3 Qxf3 21.gxf3 {...   ups ....  
 ;))}  Bxd4 {who ups???}  22.Rab1 {game problem be 
my...   ;))}  Rb8 {can be a draw, or a win for me} 
 23.Rb3 { yes      :-)}  b6 24.axb6 1-0

[Event "HCL-B157"]
[Site "www.playchess.de"]
[Date "2001.03.29"]
[Round "12"]
[White "BVLGARI"]
[Black "iq160"]
[WhiteElo "681"]
[BlackElo "998"]
[PlyCount "31"]
[Result "1-0"]

1.e4 {Achtung... Loes!}  c5 2.Bc4 e6 3.e5 Nc6 
4.Nf3 {Welche Ort Deutschlands?}  d6 {near 
stuttgart}  5.d4 {so, Wurttemberg, richtig?}  cxd4 
{richtig}  6.Nxd4 {es schneet mit euch?}  Nxe5 
{regen}  7.Bb3 {VfB siegt in der Pokalhalbfinale?} 
 Nf6 {hab keine ahnung}  8.O-O Be7 9.c3 O-O 10.Nd2 
d5 11.Qe2 Nc6 12.N4f3 Bd6 13.Ng5 Qc7 14.Ndf3 e5 
15.Qc2 e4 16.g3 1-0